| 000 | 00790nam a22002417a 4500 | ||
|---|---|---|---|
| 001 | 44707 | ||
| 003 | BD-RjUL | ||
| 005 | 20211209053914.0 | ||
| 008 | 160720s1978 bg ||||| |||| 00| 0 ben d | ||
| 020 | _c: TK 9.50 | ||
| 035 | _a(BD-RjUL)44825 | ||
| 040 |
_aBD-RjUL _bben _cBD-RjUL |
||
| 041 | _aben | ||
| 082 |
_223 _a891.443 _bISB 1978 |
||
| 100 |
_aইসলাম, আনিসুল _9137090 |
||
| 245 | 1 | 0 |
_aবাচঁবার জন্যে / _cআনিসুল ইসলাম |
| 250 | _a১ম সং. | ||
| 260 |
_aঢাকা : _bরামিতাসুর, _c১৯৭৮ |
||
| 300 |
_a৯৬ পৃ. ; _c২১ সেমি. |
||
| 650 |
_aবাংলা ছোটগল্প _9137091 |
||
| 650 |
_aBengali Short Stories _9137092 |
||
| 942 |
_2ddc _cBK |
||
| 999 |
_c44707 _d44707 |
||